Entry Nombre personal
001 - NÚMERO DE CONTROL
- campo de control: 240327
003 - IDENTIFICADOR DE NÚMERO DE CONTROL
- campo de control: DLC
005 - FECHA Y HORA DE LA ÚLTIMA TRANSACCIÓN
- campo de control: 20250509192911.0
008 - ELEMENTOS DE DATO DE LONGITUD-FIJA
- campo de control de longitud fija: 180903n| azannaabn |a aaa c
010 ## - NÚMERO DE CONTROL DE LA BIBLIOTECA DEL CONGRESO
- Número de control de LC: ns2018002093
035 ## - NÚMERO DE CONTROL DEL SISTEMA
- Número de control de sistema: (CaEvSKY)skya11761144
040 ## - FUENTE DE CATALOGACIÓN
- Centro catalogador/agencia de origen: MX-SlUA
- Lengua de catalogación: eng
- Normas de descripción: rda
- Centro/agencia transcriptor: MX-SlUA
100 1# - ENCABEZAMIENTO-NOMBRE DE PERSONA
- Nombre de persona: Herrera Pombo, José Luis
373 ## - GRUPO ASOCIADO
- Grupo asociado: Universidad Autónoma de Madrid
- Fuente del término: naf
374 ## - OCUPACIÓN
- Ocupación: Physicians
- Fuente del término: lcsh
375 ## - GÉNERO/SEXO
- Género: Males
- Fuente del término: lcdgt
377 ## - IDIOMA ASOCIADO
- Código del idioma: spa
400 1# - TRAZADO DE VÉASE--NOMBRE DE PERSONA
- Nombre de persona: Pombo, José Luis Herrera
400 1# - TRAZADO DE VÉASE--NOMBRE DE PERSONA
- Nombre de persona: Herrera Pombo, J. L.
- Forma completa/desarrollada del nombre: (José Luis)
400 1# - TRAZADO DE VÉASE--NOMBRE DE PERSONA
- Nombre de persona: Pombo, J. L. Herrera
- Forma completa/desarrollada del nombre: (José Luis Herrera)
670 ## - FUENTE DE DATOS ENCONTRADOS
- Cita de la fuente: Actualizaciones clínicas y terapéuticas en la lesión nerviosa del diabético, ©2000:
- Información encontrada: title page (José Luis Herrera Pombo, Jefe del Servicio de Endocrinología, Fundación Jiménez Díaz, Madrid; Prof. titular de Medicina, Fac. de Medicina, Univ. Autónoma de Madrid) page x (J.L. Herrera Pombo)
